00547nam a2200205Ia 4500003000900000008004100009040001300050040001300063041000800076100003000084100000900114245010000123250002200223260002100245260000900266300001100275300001000286490003900296490000600335IT-RoPAU120407s9999 xx 000 0 und d aIT-RoPAU cIT-RoPAU aita aLoris Francesco Capovilla ccur. aIl Giornale dell’anima e altri scritti di pietà di Giovanni XXIII, a cura di L.F. Capovilla aCinisello Balsamo aEdizioni Paoline c1989 a691 p. c21 cm aClassici del pensiero cristiano, 4 v1